000 00704cam a2200229 a 4500
001 000004391
005 20200929151432.0
008 980820s2000 sp 000 f spa
020 _a8401327911
040 _aDO-SdBNP
_bspa
_cBNPHU
041 1 7 _aspa
_heng
082 _a823.914
_bP637d
100 1 _aPilcher, Robin,
_d1950-
_912928
240 1 0 _aAn ocean apart.
_lEspañol
245 1 0 _aDespués del verano /
_cRobin Pilcher ; traducción de Sonia Tapia.
260 _aBarcelona :
_bPlaza & Janés,
_c2000.
300 _a[351] p. ;
_c24 cm.
534 _pTítulo original:
_tAn ocean apart
650 4 _aNovela inglesa
_91071
650 4 _aLiteratura inglesa
_9498
700 1 _aTapia, Sonia,
_etr.
_912929
999 _c4200
_d4200